[Event "TUR-chT 2nd League"]
[Site "Konya"]
[Date "2022.08.28"]
[Round "9.15"]
[White "Meylani, Irem Serdil"]
[Black "Sahin, Dilem"]
[Result "1/2-1/2"]
[WhiteElo "1427"]
[BlackElo "1280"]
[PlyCount "98"]
[EventDate "2022.08.22"]
[EventType "team-swiss"]
[EventRounds "9"]
[EventCountry "TUR"]
[SourceTitle "CBM 210 Extra"]
[Source "ChessBase"]
[SourceDate "2022.11.30"]
[SourceVersion "1"]
[SourceVersionDate "2022.11.30"]
[SourceQuality "1"]
[WhiteTeam "Yalova Altinkale"]
[BlackTeam "Altin Hamle Corum"]
[WhiteTeamCountry "TUR"]
[BlackTeamCountry "TUR"]

1. e4 c6 2. d4 d5 3. exd5 cxd5 4. c4 Nf6 5. Nc3 Nc6 6. Be3 Bf5 7. Nf3 e6 8. c5 Be7 9. Bb5 0-0 10. 0-0 Qc7 11. a3 Nd7 12. Qd2 b6 13. b4 a5 14. Bxc6 Qxc6 15. b5 Qc8 16. c6 Nb8 17. Na4 Bd8 18. Rfc1 Bc7 19. Rc3 f6 20. h3 Be4 21. Ne1 Bg6 22. Nd3 Bxd3 23. Qxd3 Ra7 24. Qd2 Qd8 25. Rac1 Rf7 26. Rd3 Qd6 27. g3 g5 28. Rc2 h6 29. Qd1 Kh7 30. Qh5 Rg7 31. Bd2 Qe7 32. Qe2 f5 33. Kg2 f4 34. Rc1 Qf6 35. Bc3 Qf7 36. g4 Qe7 37. f3 Rg6 38. Bb2 Qd6 39. Rdd1 Qe7 40. Rh1 Kg8 41. Qe1 Bd8 42. Rc2 Bc7 43. h4 Bd8 44. hxg5 Qxg5 45. Qe2 Rh7 46. Rh5 Qxh5 47. Qf1 Qh4 48. Qh1 Qxh1+ 49. Kxh1 h5 1/2-1/2

[Event "TUR-chT 2nd League"]
[Site "Konya"]
[Date "2019.07.26"]
[Round "7.14"]
[White "Sahin, Dilem"]
[Black "Nural, Polen"]
[Result "0-1"]
[WhiteElo "1304"]
[BlackElo "1309"]
[PlyCount "76"]
[EventDate "2019.07.22"]
[EventType "team-swiss"]
[EventRounds "9"]
[EventCountry "TUR"]
[SourceTitle "CBM 191 Extra"]
[Source "ChessBase"]
[SourceDate "2019.09.30"]
[SourceVersion "1"]
[SourceVersionDate "2019.09.30"]
[SourceQuality "1"]
[WhiteTeam "Altin Hamle Corum"]
[BlackTeam "Mardin Kale"]
[WhiteTeamCountry "TUR"]
[BlackTeamCountry "TUR"]

1. e4 c5 2. Nc3 Nc6 3. f4 d6 4. Nf3 g6 5. Bc4 Bg7 6. 0-0 e6 7. d3 Nge7 8. Qe1 0-0 9. Qh4 d5 10. f5 Bxc3 11. bxc3 Nxf5 12. Qh3 dxc4 13. exf5 exf5 14. Qh6 f6 15. Nh4 Qe7 16. Bd2 Bd7 17. Rf3 Ne5 18. Rh3 f4 19. Nxg6 Nxg6 20. Rf3 Bg4 21. Rf2 Qg7 22. Qxg7+ Kxg7 23. Bxf4 Rad8 24. Be3 cxd3 25. cxd3 b6 26. d4 Rfe8 27. Re1 cxd4 28. cxd4 Rxd4 29. Bh6+ Kf7 30. Ref1 Re6 31. h3 Be2 32. Rc1 Bc4 33. Rfc2 b5 34. a4 a6 35. axb5 axb5 36. Bd2 Re2 37. Bb4 Nf4 38. Rxe2 Nxe2+ 0-1